[Event "DSOL 07 Liga Gr-A 1st"]
[Site "Playchess.com INT"]
[Date "2020.07.22"]
[Round "5.4"]
[White "Berger, Tammo"]
[Black "Arnz, Volker"]
[Result "1-0"]
[WhiteElo "1247"]
[BlackElo "1279"]
[PlyCount "69"]
[EventDate "2020.06.22"]
[EventType "team-tourn (rapid)"]
[EventCountry "GER"]
[SourceTitle "EXT 2021"]
[Source "ChessBase"]
[SourceDate "2020.10.23"]
[SourceVersion "1"]
[SourceVersionDate "2020.10.23"]
[SourceQuality "1"]
[WhiteTeam "Thuering Foederverein"]
[BlackTeam "Lennep SF"]
[WhiteTeamCountry "GER"]
[BlackTeamCountry "GER"]

1. e4 c5 2. b4 b6 3. a3 Nc6 4. c3 d6 5. d4 cxd4 6. cxd4 Nf6 7. Nc3 Bb7 8. Nf3 g6 9. Bb2 Bg7 10. Bd3 0-0 11. 0-0 Qc7 12. Rc1 Qd7 13. d5 Nd8 14. Nd4 e6 15. Bb5 Qe7 16. Nc6 Nxc6 17. dxc6 Bc8 18. Qc2 a6 19. Be2 Ra7 20. b5 axb5 21. Nxb5 Ra5 22. a4 d5 23. Ba3 Qd8 24. Bxf8 Kxf8 25. c7 Qd7 26. exd5 Nxd5 27. Rfd1 Qe7 28. Bf3 Bh6 29. Rb1 Bf4 30. Bxd5 exd5 31. Rxd5 Bxc7 32. Qxc7 Qe4 33. Qxc8+ Kg7 34. Rbd1 Rxa4 35. Nc3 1-0